| 000 | 02977nam a2200565Ia 4500 | ||
|---|---|---|---|
| 001 | 95 | ||
| 008 | 241029s9999 xx 000 0 und d | ||
| 010 | _a77 | ||
| 041 | _aEspañol | ||
| 082 | _aNO APLICA | ||
| 245 | 0 | _aCompetencia ortográfica en los estudiantes del Liceo Vespertino Socorro Sánchez, 2do. Ciclo del Nivel Medio. Período 2011-2012. | |
| 260 | _aSanto Domingo | ||
| 300 | _a62 | ||
| 520 | _a9 | ||
| 630 | _aAprendizaje | ||
| 630 | _aCalidad | ||
| 630 | _aMotivación | ||
| 630 | _aProceso Educativo | ||
| 630 | _aProducción Escrita | ||
| 650 | _aLengua Española | ||
| 690 | _aElaborado | ||
| 700 |
_easesor _aDe los Santos , Julio |
||
| 700 |
_eautor _aReyes Rincón , Maritza Catalina |
||
| 901 |
_a{"1":"Reyes Rincón "} _b{"1":"Maritza Catalina"} |
||
| 902 | _a1 | ||
| 903 |
_a{"1":"De los Santos "} _b{"1":"Julio"} |
||
| 904 | _aMagíster en | ||
| 905 | _aLingüística Aplicada | ||
| 906 | _a1 | ||
| 907 | _aOrientada en | ||
| 908 | _aGestión Educativa | ||
| 909 | _aUniversidad Nacional Evangélica (UNEV), Recinto Santo Domingo | ||
| 910 |
_aNULL _bNULL |
||
| 911 | _a["1"] | ||
| 912 | _aNO APLICA | ||
| 913 | _aNULL | ||
| 914 | _a01 de Abril de 2013 | ||
| 915 | _a19/11/19 05:11 | ||
| 916 | _aNULL | ||
| 917 | _aNULL | ||
| 918 | _aNO APLICA | ||
| 919 | _a["18","28","143","165","166"] | ||
| 520 | _aEl estudio se planteó como objetivo principal comprobar los niveles de competencia ortográfica de los alumnos y alumnos del Segundo Ciclo, del Nivel Medio del Liceo Vespertino Socorro Sánchez en los aspectos fonético, suprasegmental, sintáctico y léxical.Se trató de una investigación de campo de tipo descriptivo prospectivo, las técnicas utilizadas fueron la entrevista, el cuestionario de ejercicio práctico de las competencias ortográficas, encuesta de diagnóstico de las competencias y satisfacción de los estudiantes y diagnóstico de seguimiento de los maestros a los alumnos. Se trabajó con la población total de los estudiantes ciento dieciséis (116) de Tercero y Cuarto Grado del Liceo Vespertino Socorro Sánchez. Entre las principales conclusiones de la investigación se destaca, que los estudiantes cometían errores gramaticales graves, ya que éstos consideran esta parte de la materia un poco aburrida y difícil. La insuficiente preparación lingüística incapacita a los docentes para poder ofrecer un trato preventivo, correctivo y sistemático,La investigación sugiere, que es importante familiarizarse con los fundamentos teórico práctico de las distintas orientaciones y materiales didácticos. A fin de contar con la capacidad para adaptarlos e impartirlos y crear otros nuevos. Del mismo modo, debemos combinarlos con las nuevas y futuras metodologías (tecnología) conforme al amplio abanico de situaciones, motivaciones y necesidades. | ||
| 921 | _a16 | ||
| 922 | _a16 | ||
| 923 | _a0 | ||
| 924 | _aNO APLICA | ||
| 942 | _cTesis | ||
| 999 |
_c77 _d77 |
||